Statistics for Official WCA Events

Click here to take the quiz!

General Stats

  • This quiz has been taken 3 times
  • The average score is 12 of 17

Answer Stats

Answer% Correct
2x2
100%
3x3
100%
3x3 Blindfolded
100%
4x4
100%
5x5
100%
6x6
100%
7x7
100%
One Handed
100%
Clock
67%
Megaminx
67%
Pyraminx
67%
Skewb
67%
3x3 Multiblind
33%
4x4 Blindfolded
33%
5x5 Blindfolded
33%
FMC
33%
Square-1
33%

Score Distribution

Percentile by Number Answered

Percent of People with Each Score

Your Score History

You have not taken this quiz